01792nam a2200229Ia 4500001000600000003000900006008004100015040001300056040001300069041001300082100002100095100002900116245008300145245008200228250001100310260001900321260004900340300005700389500106400446650002101510650003101531H9837IT-RoPAU130308s9999 xx 000 0 und d aIT-RoPAU cIT-RoPAU aITALIANO aMerzagora Matteo gCodice Aut. SPICS: 59972 aScienza da vedere . L'immaginario scientifico sul grande e sul piccolo schermo bScienza da Vedere. L'Immaginario Scientifico Sul Grande e Sul Piccolo Schermo a1a ed. bSironi Editore c2006 [1° Ed.:2006 - Ed.Ling.Originale:2006] a"330 p. (prefazione: no ; testo: 330 [pagine: 0-0])" a"Criteri di Selezione. Struttura Libro. Percorsi Apprendisti Pasticcioni: Vocazioni Cartesiane; Dall'Immagine al Comportamento; dal Comportamento All'Immaginario; tutti Mali e tutti beni del Mondo; Scienziato della Valle Solitaria; Vestiti per Ricerca; Scienza in Tv. Scienza e Scienziati Agli Esordistoria Cinema: Desiderio di Cinema; Vedere Invisibile; cavalli in Volo; Documentare Realta'; Melies e Immaginazione; Verso Maturità. Dalla Clava Alla Bomba (E Ritorno): Atomi per Vittoria; fino Alla Fine Mondo; Olocausto Atomico; Guerre biologiche Guerre Matematiche; Vittime o Carnefici?; Accuse; una moda che Non Passa. Asteroidi, Epidemie e Altre Catastrofi: C'E' catastrofe e Catastrofe; migliori Combinaguai; Oceani Salgono, Città Cadono, speranza Sopravvive; made in Usa; Quando Scienziato Pecca di Arroganza; Se Hollywood chiama tuo Laboratorio, Riattacca. Nuovi Corpi, nuove Menti: menti Artificiali; Essere o Non Essere Umanoide?; robot al Cinema; Quale Intelligenza?; corpi in Trasformazione. Note e Fonti. Schede dei Film. Letture Consigliate." aSAGGI SUL CINEMA eCodice materia Spics: 6811